[Event "Niederbayern-ch MK 47th"]
[Site "Aidenbach"]
[Date "2006.??.??"]
[Round "5"]
[White "Meier, Hans"]
[Black "Huber, Michael2222"]
[Result "1-0"]
[WhiteElo "1140"]
[BlackElo "1235"]
[PlyCount "73"]
[EventDate "2006.04.18"]
[EventType "swiss"]
[EventRounds "9"]
[EventCountry "GER"]
[SourceTitle "EXT 2023"]
[Source "ChessBase"]
[SourceDate "2022.10.05"]
[SourceVersion "1"]
[SourceVersionDate "2022.10.05"]
[SourceQuality "1"]

1. e4 e6 2. d4 d5 3. e5 c5 4. c3 Nc6 5. Be3 Qb6 6. b3 cxd4 7. Bxd4 Nxd4 8. Qxd4 Bc5 9. Qh4 Ne7 10. Bd3 h6 11. Nf3 Bd7 12. 0-0 Bb5 13. c4 dxc4 14. Bxc4 Bxc4 15. Qxc4 Rd8 16. Nc3 0-0 17. Na4 Qb4 18. Nxc5 Qxc4 19. bxc4 b6 20. Nb7 Rd7 21. Nd6 Nf5 22. Rfd1 Nxd6 23. Rxd6 Rfd8 24. Rxd7 Rxd7 25. h3 Rc7 26. Nd2 Rc5 27. f4 Kh7 28. h4 Kg6 29. g4 h5 30. g5 Kf5 31. Rf1 Ra5 32. Kg2 Rxa2 33. Rf2 Rc2 34. Kf3 Rc3+ 35. Kg2 a5 36. Nf1 Rxc4 37. Ne3+ 1-0

[Event "Niederbayern-ch MK 47th"]
[Site "Aidenbach"]
[Date "2006.??.??"]
[Round "7"]
[White "Meier, Hans"]
[Black "Reinert, Marcus"]
[Result "0-1"]
[WhiteElo "1140"]
[BlackElo "1088"]
[PlyCount "74"]
[EventDate "2006.04.18"]
[EventType "swiss"]
[EventRounds "9"]
[EventCountry "GER"]
[SourceTitle "EXT 2023"]
[Source "ChessBase"]
[SourceDate "2022.10.05"]
[SourceVersion "1"]
[SourceVersionDate "2022.10.05"]
[SourceQuality "1"]

1. e4 c6 2. d4 d5 3. e5 Bf5 4. g3 e6 5. Bg2 c5 6. Nf3 Nd7 7. c3 Ne7 8. Na3 c4 9. Nb5 Nc8 10. Bg5 Qb6 11. Qa4 a6 12. Na3 Qxb2 13. 0-0 Qxa3 14. Qxa3 Bxa3 15. Rfd1 h6 16. Bd2 0-0 17. h3 Ne7 18. Be3 Be4 19. Nd2 Bxg2 20. Kxg2 Nf5 21. Nf1 Nxe3+ 22. Nxe3 b5 23. Nc2 Bb2 24. Rab1 Bxc3 25. Nb4 Bxb4 26. Rxb4 Rfb8 27. a4 Rb7 28. Rdb1 Rab8 29. Kf1 Nf8 30. Ke2 Ng6 31. Kd2 Ne7 32. axb5 Rxb5 33. Kc3 Nc6 34. Rxb5 Rxb5 35. Ra1 Rb3+ 36. Kd2 Nxd4 37. Kd1 c3 0-1

[Event "Niederbayern-ch MK 47th"]
[Site "Aidenbach"]
[Date "2006.??.??"]
[Round "8"]
[White "Weber, Norbert"]
[Black "Meier, Hans"]
[Result "1-0"]
[WhiteElo "1497"]
[BlackElo "1140"]
[PlyCount "68"]
[EventDate "2006.04.18"]
[EventType "swiss"]
[EventRounds "9"]
[EventCountry "GER"]
[SourceTitle "EXT 2023"]
[Source "ChessBase"]
[SourceDate "2022.10.05"]
[SourceVersion "1"]
[SourceVersionDate "2022.10.05"]
[SourceQuality "1"]

1. Nf3 Nc6 2. d4 d5 3. e3 a6 4. Nbd2 Bf5 5. c3 Nf6 6. Be2 Qd6 7. a3 e5 8. dxe5 Nxe5 9. Nxe5 Qxe5 10. Qb3 b5 11. a4 c6 12. axb5 c5 13. Rxa6 Rxa6 14. bxa6 c4 15. Qb7 Qe7 16. Qb8+ Qd8 17. Qxd8+ Kxd8 18. a7 Bd6 19. a8Q+ Bc8 20. Qc6 Bc7 21. 0-0 Re8 22. Bf3 Re6 23. Qa4 Ra6 24. Qc2 g6 25. e4 Ra5 26. exd5 Bf5 27. Be4 Nxe4 28. Nxe4 Ke7 29. Qe2 Rxd5 30. Qxc4 Rd7 31. Bg5+ Kf8 32. Nf6 Rd2 33. Qxc7 Kg7 34. Qb8 Rd1 1-0